[Event "Titled Tuesday intern op 23rd Apr Late"]
[Site "Chess.com INT"]
[Date "2024.04.23"]
[Round "1"]
[White "Olenik Campa, Rudi"]
[Black "Sarana, Alexey"]
[Result "0-1"]
[WhiteElo "2301"]
[BlackElo "2703"]
[PlyCount "66"]
[EventDate "2024.04.23"]
[EventType "swiss (blitz)"]
[EventRounds "11"]
[EventCountry "USA"]
[SourceTitle "CB18_2024"]
[SourceDate "2024.05.01"]
[SourceVersion "1"]
[SourceVersionDate "2024.05.01"]
[SourceQuality "2"]

1. e4 c5 2. Nf3 e6 3. c4 Nc6 4. Be2 e5 5. 0-0 d6 6. a3 h5 7. b4 b6 8. Nc3 g6 9. d3 Bg4 10. Ne1 Bxe2 11. Nxe2 Bg7 12. b5 Nce7 13. a4 Nf6 14. Nc2 h4 15. h3 Nh5 16. a5 bxa5 17. Bd2 0-0 18. Bxa5 Qd7 19. Bc3 f5 20. f4 fxe4 21. dxe4 exf4 22. Bxg7 Kxg7 23. Ra6 Rad8 24. Qa1+ Kg8 25. Rxa7 Qe6 26. Nc3 f3 27. Nd5 Nxd5 28. exd5 Qe4 29. Rf2 fxg2 30. Rxf8+ Rxf8 31. Ra8 Qxc2 32. Rxf8+ Kxf8 33. Qh8+ Kf7 0-1

[Event "Titled Tuesday intern op 16th Apr Early"]
[Site "Chess.com INT"]
[Date "2024.04.16"]
[Round "7"]
[White "Faizrakhmanov, Ramil"]
[Black "Sarana, Alexey"]
[Result "1-0"]
[WhiteElo "2462"]
[BlackElo "2703"]
[PlyCount "75"]
[EventDate "2024.04.16"]
[EventType "swiss (blitz)"]
[EventRounds "11"]
[EventCountry "USA"]
[SourceTitle "CB17_2024"]
[SourceDate "2024.04.24"]
[SourceVersion "1"]
[SourceVersionDate "2024.04.24"]
[SourceQuality "1"]

1. d4 Nf6 2. c4 e6 3. Nf3 d5 4. Nc3 Bb4 5. Qa4+ Nc6 6. e3 0-0 7. Qc2 Re8 8. Bd2 Bf8 9. Be2 Nb4 10. Qd1 dxc4 11. Bxc4 b6 12. 0-0 Bb7 13. a3 Nbd5 14. Qe2 c5 15. dxc5 Bxc5 16. Rfd1 Qe7 17. Nxd5 Nxd5 18. e4 Nf6 19. b4 b5 20. Bxb5 Bb6 21. Bg5 h6 22. Bxf6 Qxf6 23. Bxe8 Rxe8 24. a4 Ba8 25. Rac1 Rb8 26. a5 Bd8 27. Qc4 Qg6 28. Ne5 Qxe4 29. Qxe4 Bxe4 30. Nc6 Bxc6 31. Rxc6 Bf6 32. Rb1 Rb5 33. Ra6 Bd4 34. Kf1 g5 35. Rd6 Be5 36. Rd7 Bb8 37. a6 Rf5 38. Rd8+ 1-0

[Event "Titled Tuesday intern op 16th Apr Early"]
[Site "Chess.com INT"]
[Date "2024.04.16"]
[Round "11"]
[White "Sarana, Alexey"]
[Black "Rustemov, Alexander"]
[Result "1/2-1/2"]
[WhiteElo "2703"]
[BlackElo "2525"]
[PlyCount "148"]
[EventDate "2024.04.16"]
[EventType "swiss (blitz)"]
[EventRounds "11"]
[EventCountry "USA"]
[SourceTitle "CB17_2024"]
[SourceDate "2024.04.24"]
[SourceVersion "1"]
[SourceVersionDate "2024.04.24"]
[SourceQuality "1"]

1. d4 d5 2. c4 c6 3. Nc3 dxc4 4. Nf3 b5 5. a4 b4 6. Ne4 Qd5 7. Ng3 Nf6 8. e3 Ba6 9. Be2 e6 10. 0-0 Be7 11. Ne5 0-0 12. Qc2 c3 13. bxc3 bxc3 14. Qxc3 Bxe2 15. Nxe2 Rc8 16. Nf4 Qd8 17. Ba3 Bxa3 18. Qxa3 Nbd7 19. Ned3 Nd5 20. Rac1 Nxf4 21. Nxf4 Qf8 22. Qa1 c5 23. d5 exd5 24. Nxd5 Nb6 25. Nc3 c4 26. a5 Nd7 27. Qa4 Ne5 28. Rb1 Nd3 29. a6 Qc5 30. Rb7 Qc6 31. Qa3 Qc5 32. Qa1 Qe5 33. h3 g6 34. Rfb1 Rc6 35. Qa3 Rf6 36. Ne4 Re6 37. Nd2 Qd5 38. Rb8+ Re8 39. Rxa8 Rxa8 40. Qc3 Rc8 41. Rb7 Qc5 42. Ne4 Qe5 43. Nf6+ Kg7 44. Nd5 Qxc3 45. Nxc3 Ra8 46. Rc7 Nb4 47. Rxc4 Nxa6 48. Nd5 Rb8 49. Ra4 Rb5 50. Rxa6 Rxd5 51. Rxa7 h5 52. g3 Rd2 53. Ra5 Rd6 54. Kg2 Re6 55. Kf3 Re7 56. e4 Re6 57. h4 Rb6 58. Kf4 Rf6+ 59. Ke3 Re6 60. f3 Rf6 61. Rd5 Rb6 62. Kf4 Kf6 63. g4 hxg4 64. Kxg4 Kg7 65. Kf4 Rb1 66. Ra5 Rh1 67. Kg3 Rg1+ 68. Kh2 Rf1 69. Kg2 Rb1 70. Kg3 Rg1+ 71. Kf4 Rh1 72. Kg4 Rg1+ 73. Kh3 Rh1+ 74. Kg3 Rg1+ 1/2-1/2

[Event "Titled Tuesday intern op 16th Apr Late"]
[Site "Chess.com INT"]
[Date "2024.04.16"]
[Round "4"]
[White "Sarana, Alexey"]
[Black "Yanchenko, Roman"]
[Result "1-0"]
[WhiteElo "2703"]
[BlackElo "2466"]
[PlyCount "89"]
[EventDate "2024.04.16"]
[EventType "swiss (blitz)"]
[EventRounds "11"]
[EventCountry "USA"]
[SourceTitle "CB17_2024"]
[SourceDate "2024.04.24"]
[SourceVersion "1"]
[SourceVersionDate "2024.04.24"]
[SourceQuality "1"]

1. d4 d5 2. c4 c6 3. Nc3 Nf6 4. Nf3 a6 5. c5 Bf5 6. Bf4 Nbd7 7. h3 h6 8. e3 g5 9. Bh2 Bg7 10. Bd3 Bxd3 11. Qxd3 0-0 12. Ne5 Nxe5 13. Bxe5 Nd7 14. Bxg7 Kxg7 15. h4 e5 16. 0-0-0 e4 17. Qe2 f5 18. hxg5 hxg5 19. Rh5 Rh8 20. Rdh1 Qe7 21. f4 g4 22. Rg5+ Kf6 23. Qe1 Ke6 24. Ne2 Rag8 25. Rxg8 Rxg8 26. Ng3 Nf6 27. Rh6 Qf7 28. Qh1 Rg6 29. Rh8 Rg8 30. Qh6 Rg6 31. Qh4 Rg8 32. Kd2 Qf8 33. Rh6 Qf7 34. Nh5 Rg6 35. Rh8 Rg8 36. Nxf6 Rxh8 37. Qxh8 Qxf6 38. Qc8+ Kf7 39. Qxb7+ Kg6 40. Qxa6 g3 41. Qc8 Kh6 42. b4 Qg6 43. Qh8+ Qh7 44. Qxh7+ Kxh7 45. b5 1-0

[Event "Titled Tuesday intern op 16th Apr Early"]
[Site "Chess.com INT"]
[Date "2024.04.16"]
[Round "3"]
[White "Volkov, Maksim"]
[Black "Sarana, Alexey"]
[Result "1-0"]
[WhiteElo "2340"]
[BlackElo "2703"]
[PlyCount "151"]
[EventDate "2024.04.16"]
[EventType "swiss (blitz)"]
[EventRounds "11"]
[EventCountry "USA"]
[SourceTitle "CB17_2024"]
[SourceDate "2024.04.24"]
[SourceVersion "1"]
[SourceVersionDate "2024.04.24"]
[SourceQuality "1"]

1. d4 Nf6 2. c4 e6 3. g3 d5 4. Bg2 Bb4+ 5. Bd2 Be7 6. Nf3 0-0 7. 0-0 c6 8. Qc2 b6 9. Rc1 Ba6 10. b3 Nbd7 11. a4 c5 12. a5 Qc8 13. e3 Qb7 14. Na3 Rac8 15. Qa2 Ne4 16. Be1 Ndf6 17. Nb1 Ra8 18. Ne5 cxd4 19. exd4 Rfc8 20. Nc3 Nxc3 21. Bxc3 Ne4 22. Be1 Bf6 23. cxd5 exd5 24. Bh3 Rd8 25. Qa4 Be2 26. a6 Qe7 27. Nc6 Qe8 28. Nxd8 Qxd8 29. Ra2 Bf3 30. Rac2 Ng5 31. Bf5 g6 32. Rc8 gxf5 33. Rxd8+ Rxd8 34. h4 Ne6 35. Bc3 f4 36. Bb2 h5 37. Qb4 Kg7 38. Kh2 Be4 39. Qd2 Rg8 40. Rg1 Kh7 41. Qe2 f3 42. Qe3 Ng7 43. Qf4 Nf5 44. Re1 Re8 45. Qxf5+ Bxf5 46. Rxe8 Bd3 47. Ra8 Bxa6 48. Rxa7 Bd3 49. Rxf7+ Kg6 50. Rb7 b5 51. Rd7 Be4 52. Kg1 Kf5 53. Kf1 Bc2 54. Rxd5+ Ke4 55. Rxh5 Bxb3 56. Ke1 b4 57. Rb5 Kd3 58. Rxb4 Kc2 59. Ba3 Bd5 60. Rb5 Be4 61. Bb2 Bd3 62. Rb6 Be7 63. d5 Bd8 64. Bd4 Be4 65. d6 Kd3 66. Be3 Bf5 67. Rb5 Bd7 68. Re5 Kc2 69. Kf1 Bh3+ 70. Kg1 Kd3 71. h5 Bf6 72. Re8 Bd7 73. Rf8 Be5 74. Rf7 Bc6 75. d7 Bc7 76. Bg5 1-0

[Event "Titled Tuesday intern op 02nd Apr Late"]
[Site "Chess.com INT"]
[Date "2024.04.02"]
[Round "8"]
[White "Sarana, Alexey"]
[Black "Drygalov, Andrey"]
[Result "1-0"]
[WhiteElo "2703"]
[BlackElo "2455"]
[PlyCount "67"]
[EventDate "2024.04.02"]
[EventType "swiss (blitz)"]
[EventRounds "11"]
[EventCountry "USA"]
[SourceTitle "CB15_2024"]
[SourceDate "2024.04.10"]
[SourceVersion "1"]
[SourceVersionDate "2024.04.10"]
[SourceQuality "1"]

1. d4 Nf6 2. c4 e6 3. Nc3 Bb4 4. e3 0-0 5. Bd3 d5 6. Nf3 dxc4 7. Bxc4 b6 8. a3 Bxc3+ 9. bxc3 c5 10. 0-0 Qc7 11. Qe2 Bb7 12. Nd2 Rd8 13. Bb2 Nc6 14. f4 Na5 15. Bd3 Rac8 16. e4 cxd4 17. cxd4 Nc6 18. Rac1 Nxd4 19. Bxd4 Qxc1 20. Rxc1 Rxc1+ 21. Nf1 Rxd4 22. Qe3 Rdc4 23. Bxc4 Rxc4 24. Qd3 Rc8 25. Ng3 h6 26. h3 Kf8 27. Qd6+ Ke8 28. Qd4 Bc6 29. f5 Rd8 30. Qc4 Bd7 31. e5 Nd5 32. Nh5 Ne3 33. Nxg7+ Kf8 34. Qc7 1-0

[Event "Titled Tuesday intern op 02nd Apr Late"]
[Site "Chess.com INT"]
[Date "2024.04.02"]
[Round "3"]
[White "Sarana, Alexey"]
[Black "Lin, Bryan Enming"]
[Result "1-0"]
[WhiteElo "2703"]
[BlackElo "2087"]
[PlyCount "115"]
[EventDate "2024.04.02"]
[EventType "swiss (blitz)"]
[EventRounds "11"]
[EventCountry "USA"]
[SourceTitle "CB15_2024"]
[SourceDate "2024.04.10"]
[SourceVersion "1"]
[SourceVersionDate "2024.04.10"]
[SourceQuality "1"]

1. d4 Nf6 2. Nf3 g6 3. Nbd2 d5 4. e3 Bg7 5. b4 0-0 6. c4 a5 7. b5 dxc4 8. Bxc4 Nbd7 9. a4 e5 10. 0-0 exd4 11. Nxd4 Ne5 12. Bb3 Re8 13. Qc2 Nd5 14. Ba3 Nb4 15. Bxb4 axb4 16. Rad1 Qe7 17. h3 h5 18. N2f3 Nxf3+ 19. Nxf3 Bf5 20. Qe2 Be4 21. Nd2 Bf5 22. Qf3 Rab8 23. Nc4 Be4 24. Qf4 Red8 25. a5 Bc3 26. Rxd8+ Rxd8 27. Rd1 Rxd1+ 28. Bxd1 Bd5 29. Bb3 Qc5 30. a6 Qxb5 31. a7 Qa6 32. Qxc7 Qxa7 33. Qd8+ Kg7 34. Qxd5 Qa1+ 35. Kh2 Qf1 36. Nd6 Qxf2 37. Qxf7+ Qxf7 38. Nxf7 Kf6 39. Kg3 g5 40. Kf3 b6 41. g4 hxg4+ 42. hxg4 Bb2 43. Ke4 Bc1 44. Nd6 Ke7 45. Nc4 b5 46. Ne5 Bb2 47. Nf3 Kf6 48. Kd5 Bc1 49. e4 Ke7 50. e5 Be3 51. Nd4 Kd7 52. Nf5 Bf4 53. e6+ Kd8 54. Kc6 Ke8 55. Kxb5 Kd8 56. Kc6 Ke8 57. Kd5 Kd8 58. e7+ 1-0

[Event "Titled Tuesday intern op 02nd Apr Early"]
[Site "Chess.com INT"]
[Date "2024.04.02"]
[Round "10"]
[White "Tristan, Leonardo"]
[Black "Sarana, Alexey"]
[Result "0-1"]
[WhiteElo "2522"]
[BlackElo "2703"]
[PlyCount "108"]
[EventDate "2024.04.02"]
[EventType "swiss (blitz)"]
[EventRounds "11"]
[EventCountry "USA"]
[SourceTitle "CB15_2024"]
[SourceDate "2024.04.10"]
[SourceVersion "1"]
[SourceVersionDate "2024.04.10"]
[SourceQuality "1"]

1. d4 Nf6 2. Nf3 d5 3. Bf4 c5 4. e3 Nc6 5. c3 Qb6 6. Qc2 g6 7. h3 Bg7 8. Be2 0-0 9. Nbd2 a5 10. dxc5 Qxc5 11. a4 Qb6 12. 0-0 Bf5 13. Qb3 Qxb3 14. Nxb3 Ne4 15. Nbd4 Bd7 16. Bh2 Nxd4 17. Nxd4 e5 18. Nb5 Bc6 19. Rfd1 Nc5 20. Bg3 Rfd8 21. f3 f6 22. Bf2 Bf8 23. h4 h5 24. Ra2 Kg7 25. Rd2 Rd7 26. Bd1 Rad8 27. Bc2 b6 28. Ra1 Be7 29. Rad1 Kf7 30. Kf1 f5 31. Ke1 e4 32. Bg3 Bf6 33. Kf2 Ke6 34. Nc7+ Ke7 35. b4 Nxa4 36. Bxa4 Bxa4 37. Nxd5+ Kf7 38. Ra1 Bxc3 39. Rxa4 Bxd2 40. Nxb6 Be1+ 41. Kf1 Bxg3 42. Nxd7 Rxd7 43. bxa5 exf3 44. gxf3 Bb8 45. Ke2 Ba7 46. e4 Ke6 47. a6 Ke5 48. Ra5+ Kf4 49. Ra4 Kg3 50. exf5 gxf5 51. Ra5 f4 52. Rxh5 Re7+ 53. Kf1 Bf2 54. Rg5+ Kxf3 0-1

[Event "Karlsruhe Grenke op"]
[Site "Karlsruhe"]
[Date "2024.04.01"]
[Round "8"]
[White "Haring, Filip"]
[Black "Sarana, Alexey"]
[Result "0-1"]
[WhiteElo "2452"]
[BlackElo "2699"]
[PlyCount "56"]
[EventDate "2024.03.28"]
[EventType "swiss"]
[EventRounds "9"]
[EventCountry "GER"]
[SourceTitle "CB14_2024"]
[SourceDate "2024.04.01"]
[SourceVersion "1"]
[SourceVersionDate "2024.04.01"]
[SourceQuality "1"]

1. e4 c5 2. Nc3 d6 3. d4 cxd4 4. Qxd4 Nc6 5. Qd2 g6 6. b3 Bh6 7. f4 f5 8. Bb2 Nf6 9. 0-0-0 fxe4 10. g3 Qa5 11. Nd5 Qxd5 12. Qxd5 Nxd5 13. Bxh8 Ne3 14. Re1 Nxf1 15. Rxf1 e5 16. Kb2 Bf5 17. fxe5 dxe5 18. h3 Ke7 19. g4 Rxh8 20. gxf5 Rf8 21. f6+ Ke6 22. Ne2 Nd4 23. Ng3 e3 24. Ne4 Bf4 25. Kc3 Rd8 26. Kd3 Nxb3+ 27. Ke2 Nd4+ 28. Kd3 Kf5 0-1

[Event "Karlsruhe Grenke op"]
[Site "Karlsruhe"]
[Date "2024.03.29"]
[Round "2"]
[White "Nurgaliyev, Sauat"]
[Black "Sarana, Alexey"]
[Result "0-1"]
[WhiteElo "2262"]
[BlackElo "2699"]
[PlyCount "116"]
[EventDate "2024.03.28"]
[EventType "swiss"]
[EventRounds "9"]
[EventCountry "GER"]
[SourceTitle "CB14_2024"]
[SourceDate "2024.04.01"]
[SourceVersion "1"]
[SourceVersionDate "2024.04.01"]
[SourceQuality "1"]

1. e4 c5 2. Nf3 d6 3. d4 cxd4 4. Nxd4 Nf6 5. Nc3 a6 6. Bd3 g6 7. f3 Qb6 8. a3 Nbd7 9. Bc4 e5 10. Nde2 Bg7 11. h4 Qc7 12. Ba2 Nb6 13. Be3 Be6 14. 0-0 Rd8 15. Kh1 Nc4 16. Bxc4 Qxc4 17. Qd3 Qc6 18. Rad1 Bc4 19. Qd2 d5 20. f4 0-0 21. fxe5 Nxe4 22. Nxe4 dxe4 23. Qxd8 Bxe2 24. Qe7 Bxd1 25. Rxd1 Qxc2 26. Rd8 Qxb2 27. e6 Qa1+ 28. Bg1 fxe6 29. Qxe6+ Kh8 30. Rxf8+ Bxf8 31. Qc8 Qf1 32. Qxb7 Qc4 33. Qb8 Kg7 34. Qe5+ Kf7 35. Bd4 Qe6 36. Qf4+ Kg8 37. Qb8 Qd5 38. Qa7 Qb3 39. h5 Qd1+ 40. Kh2 Bd6+ 41. g3 Qxh5+ 42. Kg1 Qd1+ 43. Kh2 Qe2+ 44. Bf2 e3 45. Qa8+ Kg7 46. Qa7+ Kf6 47. Qd4+ Ke7 48. Qe4+ Kd8 49. Qa8+ Kc7 50. Qa7+ Kc6 51. Qa8+ Kb6 52. Qd8+ Kc5 53. Qa5+ Kc6 54. Qa4+ Kc7 55. Qa5+ Kd7 56. Qa4+ Kd8 57. Qh4+ Kc8 58. Qh3+ Kb8 0-1

[Event "Karlsruhe Grenke op"]
[Site "Karlsruhe"]
[Date "2024.03.29"]
[Round "3"]
[White "Sarana, Alexey"]
[Black "Gaal, Zsoka"]
[Result "1-0"]
[WhiteElo "2699"]
[BlackElo "2379"]
[PlyCount "63"]
[EventDate "2024.03.28"]
[EventType "swiss"]
[EventRounds "9"]
[EventCountry "GER"]
[SourceTitle "CB14_2024"]
[SourceDate "2024.04.01"]
[SourceVersion "1"]
[SourceVersionDate "2024.04.01"]
[SourceQuality "1"]

1. d4 Nf6 2. c4 e6 3. Nc3 Bb4 4. e3 0-0 5. Bd3 d5 6. a3 Bxc3+ 7. bxc3 dxc4 8. Bxc4 c5 9. Nf3 Qc7 10. Bb3 b6 11. 0-0 Bb7 12. Re1 Nbd7 13. Nd2 b5 14. a4 a6 15. e4 b4 16. Bb2 c4 17. Nxc4 bxc3 18. Ba3 Rfd8 19. f3 Nb6 20. Ne3 a5 21. Rc1 Rac8 22. Bc5 Nbd7 23. Be7 Re8 24. Ba3 Ba6 25. Bb2 Qb6 26. Bxc3 Rc7 27. Ba2 e5 28. Rb1 Qa7 29. Bxa5 exd4 30. Bxc7 dxe3 31. Qd6 e2+ 32. Bb6 1-0

[Event "Karlsruhe Grenke op"]
[Site "Karlsruhe"]
[Date "2024.03.28"]
[Round "1"]
[White "Sarana, Alexey"]
[Black "Pfrengle, Tim"]
[Result "1-0"]
[WhiteElo "2699"]
[BlackElo "2127"]
[PlyCount "77"]
[EventDate "2024.03.28"]
[EventType "swiss"]
[EventRounds "9"]
[EventCountry "GER"]
[SourceTitle "CB14_2024"]
[SourceDate "2024.04.01"]
[SourceVersion "1"]
[SourceVersionDate "2024.04.01"]
[SourceQuality "1"]

1. d4 d5 2. c4 e6 3. Nc3 Nf6 4. Bg5 Be7 5. e3 h6 6. Bh4 0-0 7. Qc2 Nbd7 8. cxd5 exd5 9. Bd3 c6 10. h3 Ne8 11. Bg3 Nd6 12. Nf3 Re8 13. 0-0 Bf8 14. Rad1 Nf6 15. Ne5 Be6 16. f3 Rc8 17. Ne2 Qb6 18. Rc1 Nd7 19. Kh2 Nxe5 20. dxe5 Nc4 21. Bxc4 dxc4 22. e4 Rcd8 23. f4 Qa5 24. f5 Bc8 25. Qxc4 Qd2 26. Rc2 Qd3 27. Qxd3 Rxd3 28. Rf3 Red8 29. Rxd3 Rxd3 30. Bf2 a6 31. Nf4 Rd1 32. g4 Bb4 33. Kg3 Ba5 34. Kf3 Kf8 35. Bc5+ Ke8 36. Nh5 g6 37. Ng7+ Kd8 38. e6 fxe6 39. fxe6 1-0

[Event "Bucharest Grand Prix op"]
[Site "Bucharest"]
[Date "2024.03.24"]
[Round "6"]
[White "Bologan, Viktor"]
[Black "Sarana, Alexey"]
[Result "0-1"]
[WhiteElo "2594"]
[BlackElo "2699"]
[PlyCount "80"]
[EventDate "2024.03.23"]
[EventType "swiss (rapid)"]
[EventRounds "10"]
[EventCountry "ROU"]
[SourceTitle "CB13_2024"]
[SourceDate "2024.03.27"]
[SourceVersion "1"]
[SourceVersionDate "2024.03.27"]
[SourceQuality "1"]

1. e4 c5 2. Nf3 d6 3. d4 cxd4 4. Nxd4 Nf6 5. Bd3 g6 6. c4 Bg7 7. Nc3 Nc6 8. Nde2 Qc7 9. 0-0 Ne5 10. b3 a6 11. a4 0-0 12. h3 Rd8 13. Be3 b6 14. Rc1 Nxd3 15. Qxd3 e6 16. Rfd1 Bb7 17. Bd4 Rab8 18. f3 Ba8 19. Qd2 Qe7 20. Qb2 Bh6 21. Rc2 Nh5 22. g4 Nf4 23. Nxf4 Bxf4 24. Ne2 Bg5 25. Ng3 e5 26. Bf2 b5 27. axb5 axb5 28. c5 dxc5 29. Rxd8+ Rxd8 30. Rxc5 Qf6 31. Qxe5 Qxf3 32. Qxg5 Rd1+ 33. Nf1 Bxe4 34. Rc8+ Kg7 35. Qe5+ Kh6 36. Qh2 Rxf1+ 37. Kxf1 Bd3+ 38. Kg1 Qd1+ 39. Be1 Qxe1+ 40. Kg2 Be4# 0-1

[Event "Bucharest Grand Prix op"]
[Site "Bucharest"]
[Date "2024.03.24"]
[Round "8"]
[White "Mikhalevski, Victor"]
[Black "Sarana, Alexey"]
[Result "1-0"]
[WhiteElo "2514"]
[BlackElo "2699"]
[PlyCount "119"]
[EventDate "2024.03.23"]
[EventType "swiss (rapid)"]
[EventRounds "10"]
[EventCountry "ROU"]
[SourceTitle "CB13_2024"]
[SourceDate "2024.03.27"]
[SourceVersion "1"]
[SourceVersionDate "2024.03.27"]
[SourceQuality "1"]

1. Nf3 d5 2. g3 g6 3. Bg2 Bg7 4. d4 c6 5. 0-0 Nf6 6. c4 dxc4 7. a4 Ne4 8. Nc3 Nd6 9. e4 Bg4 10. Be3 Qc8 11. Qe2 0-0 12. e5 Nf5 13. Qxc4 Na6 14. Ng5 h6 15. Nge4 Nxe3 16. fxe3 Qe6 17. Qxe6 Bxe6 18. a5 Rad8 19. Na4 Nb4 20. Ra3 Nc2 21. Rc3 Nxd4 22. exd4 Rxd4 23. Nac5 Bd5 24. Re3 Bc4 25. Rc1 b6 26. axb6 axb6 27. Nb3 Bxb3 28. Rxb3 Bxe5 29. Rxc6 Rd1+ 30. Bf1 Rfd8 31. Rc2 Re1 32. Re2 Ra1 33. Nf2 Bd4 34. Kg2 e5 35. Ng4 Bc5 36. Nxe5 Kg7 37. Rd3 Rda8 38. Rd7 R8a7 39. Red2 Kf6 40. Rxa7 Rxa7 41. Nd7+ Ke7 42. Nxc5 bxc5 43. Bc4 Ra1 44. Re2+ Kf8 45. b3 Ra7 46. h4 Rc7 47. Re5 Kg7 48. h5 Kf6 49. Rd5 Ke7 50. Kf3 Rc6 51. Ke4 Kf6 52. Rd7 gxh5 53. Rxf7+ Kg6 54. Rf8 h4 55. gxh4 Rd6 56. Rf4 Rd1 57. Ke5 h5 58. Bf7+ Kh6 59. Bd5 Rd3 60. Kd6 1-0

[Event "Bucharest Grand Prix op"]
[Site "Bucharest"]
[Date "2024.03.23"]
[Round "1"]
[White "Sarana, Alexey"]
[Black "Zanfir, Iulian"]
[Result "1-0"]
[WhiteElo "2699"]
[BlackElo "1786"]
[PlyCount "31"]
[EventDate "2024.03.23"]
[EventType "swiss (rapid)"]
[EventRounds "10"]
[EventCountry "ROU"]
[SourceTitle "CB13_2024"]
[SourceDate "2024.03.27"]
[SourceVersion "1"]
[SourceVersionDate "2024.03.27"]
[SourceQuality "1"]

1. c4 c6 2. e4 d5 3. exd5 cxd5 4. d4 Nf6 5. Nc3 e6 6. Nf3 Nc6 7. Bd3 Bb4 8. 0-0 Bxc3 9. bxc3 dxc4 10. Bxc4 0-0 11. Bg5 a6 12. Bd3 b5 13. Ne5 Bb7 14. Ng4 Kh8 15. Nxf6 gxf6 16. Qh5 1-0

[Event "Titled Tuesday intern op 12th Mar Late"]
[Site "Chess.com INT"]
[Date "2024.03.12"]
[Round "10"]
[White "Deac, Bogdan Daniel"]
[Black "Sarana, Alexey"]
[Result "1-0"]
[WhiteElo "2690"]
[BlackElo "2699"]
[PlyCount "101"]
[EventDate "2024.03.12"]
[EventType "swiss (blitz)"]
[EventRounds "11"]
[EventCountry "USA"]
[SourceTitle "CB12_2024"]
[SourceDate "2023.10.01"]
[SourceVersion "1"]
[SourceVersionDate "2023.10.01"]
[SourceQuality "1"]

1. d4 Nf6 2. c4 e6 3. Nf3 d5 4. Nc3 c5 5. cxd5 cxd4 6. Qxd4 exd5 7. e4 dxe4 8. Qxd8+ Kxd8 9. Ng5 Be6 10. Bd2 Nbd7 11. Ncxe4 Nxe4 12. Nxe4 h6 13. Bc3 f5 14. Ng3 Nc5 15. Be2 Ke7 16. Nh5 Kf7 17. Nf4 Rg8 18. Nxe6 Nxe6 19. 0-0-0 Rc8 20. Rd7+ Kg6 21. Rxb7 Bc5 22. g4 fxg4 23. Bxg4 Rce8 24. Bxe6 Rxe6 25. Rg1+ Kh5 26. Rb5 Rc8 27. b4 Re5 28. Rxc5 Rcxc5 29. bxc5 Rxc5 30. Kc2 g5 31. Rg3 Rf5 32. f3 Rf4 33. Rh3+ Kg6 34. Rg3 Rh4 35. h3 Ra4 36. Kb3 Rf4 37. Bd2 Rd4 38. Kc2 Kf5 39. Rg4 Rd6 40. h4 Rc6+ 41. Kd1 Kg6 42. hxg5 h5 43. Rh4 a6 44. a4 Rb6 45. Ke2 Re6+ 46. Re4 Rd6 47. Be3 Kf5 48. Rf4+ Ke5 49. Rf6 Rxf6 50. Bd4+ Kxd4 51. gxf6 1-0

[Event "Titled Tuesday intern op 12th Mar Late"]
[Site "Chess.com INT"]
[Date "2024.03.12"]
[Round "2"]
[White "Domingo Nunez, Ruben"]
[Black "Sarana, Alexey"]
[Result "0-1"]
[WhiteElo "2441"]
[BlackElo "2699"]
[PlyCount "60"]
[EventDate "2024.03.12"]
[EventType "swiss (blitz)"]
[EventRounds "11"]
[EventCountry "USA"]
[SourceTitle "CB12_2024"]
[SourceDate "2023.10.01"]
[SourceVersion "1"]
[SourceVersionDate "2023.10.01"]
[SourceQuality "1"]

1. Nc3 d5 2. d4 Nf6 3. Bf4 e6 4. f3 Bb4 5. Qd2 c5 6. e3 Nc6 7. Nge2 c4 8. a3 Be7 9. e4 a6 10. g4 b5 11. g5 Nh5 12. Be3 Rb8 13. Bg2 a5 14. exd5 exd5 15. f4 Be6 16. f5 Bxf5 17. Nxd5 0-0 18. 0-0 Bg6 19. Ndf4 Nxf4 20. Nxf4 Qc7 21. Nd5 Qd7 22. Rae1 Bd6 23. Bf4 Rbe8 24. c3 Bd3 25. Rxe8 Rxe8 26. Re1 Rxe1+ 27. Qxe1 Bf8 28. Qg3 b4 29. axb4 axb4 30. Bf1 Qxd5 0-1

[Event "Titled Tuesday intern op 12th Mar Early"]
[Site "Chess.com INT"]
[Date "2024.03.12"]
[Round "2"]
[White "Sarana, Alexey"]
[Black "Atanasov, Anthony"]
[Result "0-1"]
[WhiteElo "2699"]
[BlackElo "2407"]
[PlyCount "106"]
[EventDate "2024.03.12"]
[EventType "swiss (blitz)"]
[EventRounds "11"]
[EventCountry "USA"]
[SourceTitle "CB12_2024"]
[SourceDate "2023.10.01"]
[SourceVersion "1"]
[SourceVersionDate "2023.10.01"]
[SourceQuality "1"]

1. d4 Nf6 2. c4 g6 3. Nc3 d5 4. Bg5 Bg7 5. Bxf6 Bxf6 6. cxd5 c6 7. e4 Bg7 8. h4 cxd5 9. Bb5+ Bd7 10. Bxd7+ Qxd7 11. e5 Nc6 12. Nf3 0-0 13. h5 Rac8 14. h6 Bh8 15. 0-0 Na5 16. Re1 Nc4 17. Qb3 b6 18. Re2 Rfd8 19. Rae1 Qg4 20. Qb5 e6 21. Qa6 Qh5 22. Qxa7 Qxh6 23. Qa6 Ra8 24. Qb5 Rdc8 25. Qb3 Bg7 26. Nb5 Bf8 27. a3 Qf4 28. g3 Qf5 29. Kg2 Be7 30. Nc3 Bf8 31. Nd1 Bxa3 32. Nh4 Qb1 33. f3 Be7 34. Nc3 Qd3 35. Rd1 Ne3+ 36. Rxe3 Qxe3 37. Qc2 Bxh4 38. gxh4 Rc4 39. Rd3 Qf4 40. Qf2 Ra1 41. Ne2 Qf5 42. Qe3 Kg7 43. Ng3 Rc2+ 44. Rd2 Rxd2+ 45. Qxd2 Qb1 46. h5 h6 47. hxg6 Qxg6 48. Qe2 Rc1 49. Kh3 Rc2 50. Qd1 h5 51. b4 h4 52. Nh5+ Kf8 53. Nf6 Qg3# 0-1

[Event "Titled Tuesday intern op 12th Mar Early"]
[Site "Chess.com INT"]
[Date "2024.03.12"]
[Round "4"]
[White "Sarana, Alexey"]
[Black "Domin, Yan"]
[Result "1-0"]
[WhiteElo "2699"]
[BlackElo "2209"]
[PlyCount "69"]
[EventDate "2024.03.12"]
[EventType "swiss (blitz)"]
[EventRounds "11"]
[EventCountry "USA"]
[SourceTitle "CB12_2024"]
[SourceDate "2023.10.01"]
[SourceVersion "1"]
[SourceVersionDate "2023.10.01"]
[SourceQuality "1"]

1. d4 Nf6 2. c4 g6 3. Nc3 d6 4. e4 Bg7 5. Bd3 0-0 6. Nge2 e5 7. d5 a5 8. f3 Na6 9. Be3 Nc5 10. Bc2 Bd7 11. Qd2 Rb8 12. a3 Ra8 13. 0-0-0 Qe8 14. Kb1 a4 15. g4 Nb3 16. Bxb3 axb3 17. Nc1 b5 18. cxb5 Bxb5 19. Nxb5 Qxb5 20. Qd3 Qa6 21. Qxa6 Rxa6 22. Rd3 Nd7 23. Rxb3 f5 24. gxf5 gxf5 25. Nd3 fxe4 26. fxe4 Nf6 27. Nf2 c6 28. dxc6 Rxc6 29. Rd1 Ra8 30. Rbd3 Bf8 31. Bg5 Nd7 32. Rc1 Nc5 33. Rg3 Kg7 34. b4 Rb6 35. Bd8+ 1-0